| 000 | 00360nam a22001337a 4500 | ||
|---|---|---|---|
| 003 | SGT | ||
| 082 |
_a615.53 _bA11M |
||
| 100 | _aMINISTRY OF HEALTH & FAMILY WELFARE | ||
| 245 | _aAYURVEDIC MANAGEMENT OF SELECT GERIATRIC DISEASE CONDITIONS | ||
| 260 |
_aDELHI _bMINISTRY OF HEALTH & FAMILY WELFARE _c2011 |
||
| 300 | _a228 | ||
| 650 | _aAYURVEDA | ||
| 942 |
_2ddc _cBK |
||
| 999 |
_c8644 _d8644 |
||